<?xml version="1.0" encoding="UTF-8"?>
<record
    xmlns:xsi="http://www.w3.org/2001/XMLSchema-instance"
    xsi:schemaLocation="http://www.loc.gov/MARC21/slim http://www.loc.gov/standards/marcxml/schema/MARC21slim.xsd"
    xmlns="http://www.loc.gov/MARC21/slim">

  <leader>00241nam a2200097   4500</leader>
  <datafield tag="082" ind1=" " ind2=" ">
    <subfield code="a">641.3461 COC</subfield>
  </datafield>
  <datafield tag="245" ind1=" " ind2=" ">
    <subfield code="a">Panel Discussion on "Coconut in the Sri Lankan Diet"</subfield>
  </datafield>
  <datafield tag="260" ind1=" " ind2=" ">
    <subfield code="a">Colombo</subfield>
    <subfield code="b">ICHEMC</subfield>
    <subfield code="c">2006</subfield>
  </datafield>
  <datafield tag="650" ind1=" " ind2=" ">
    <subfield code="a">Coconut</subfield>
    <subfield code="a">2006</subfield>
  </datafield>
  <datafield tag="942" ind1=" " ind2=" ">
    <subfield code="c">SEMNR</subfield>
  </datafield>
  <datafield tag="999" ind1=" " ind2=" ">
    <subfield code="c">3382</subfield>
    <subfield code="d">3382</subfield>
  </datafield>
  <datafield tag="952" ind1=" " ind2=" ">
    <subfield code="0">0</subfield>
    <subfield code="1">0</subfield>
    <subfield code="7">0</subfield>
    <subfield code="8">NFIC</subfield>
    <subfield code="a">IC</subfield>
    <subfield code="b">IC</subfield>
    <subfield code="c">GEN</subfield>
    <subfield code="d">2016-06-03</subfield>
    <subfield code="l">0</subfield>
    <subfield code="o">641.3461 COC</subfield>
    <subfield code="p">004567</subfield>
    <subfield code="r">2016-06-03 00:00:00</subfield>
    <subfield code="w">2016-06-03</subfield>
    <subfield code="y">SEMNR</subfield>
  </datafield>
  <datafield tag="952" ind1=" " ind2=" ">
    <subfield code="0">0</subfield>
    <subfield code="1">0</subfield>
    <subfield code="7">0</subfield>
    <subfield code="8">NFIC</subfield>
    <subfield code="a">IC</subfield>
    <subfield code="b">IC</subfield>
    <subfield code="c">GEN</subfield>
    <subfield code="d">2016-06-03</subfield>
    <subfield code="l">0</subfield>
    <subfield code="o">641.3461 COC</subfield>
    <subfield code="p">004568</subfield>
    <subfield code="r">2016-06-03 00:00:00</subfield>
    <subfield code="w">2016-06-03</subfield>
    <subfield code="y">SEMNR</subfield>
  </datafield>
</record>
